000 00211 a2200097 4500
001 27730
100 _aKaranjia, R K
245 _aThe mind of a monarch
260 _a
_bG Allen & Unwin
_c
090 _c18511
_d18511
942 _aNUST-CAE
_cM
_c9460
999 _c262803
_d262803